Acronymes et sigles divers #1 - Statistiques

Statistiques générales
  • Ce quiz a été pris 61 306 fois
    59 658 depuis la dernière actualisation
  • Le résultat moyen est 40 sur 51
Statistiques - réponses
Acronyme Indice Réponse % Correct
Transports G à Grande
99%
SMS/internet D De
99%
Région D De
99%
Transports T Train
99%
Transports V Vitesse
99%
Social S Sans
96%
Histoire U Union
96%
Cyclisme V Vélo
96%
Social D Domicile
95%
Social F Fixe
95%
SMS/internet M Mort
95%
SMS/internet R Rire
95%
Cyclisme T Terrain
95%
Cyclisme T Tout
95%
Région F France
93%
Économie B Brut
92%
Région I Île
92%
Phénomène aérien N Non
92%
Phénomène aérien I Identifié
91%
Test psychométrique I Intellectuel
91%
Phénomène aérien O Objet
91%
Phénomène aérien V Volant
91%
Relations internationales O Organisation
90%
Économie P Produit
90%
Économie I Intérieur
89%
Construction B Bâtiment
86%
Test psychométrique Q Quotient
86%
Cinéma S Sous-
84%
Relations internationales N des Nations
83%
Cinéma O Originale
83%
Relations internationales U Unies
81%
Cinéma V Version
80%
Cinéma T Titrée
79%
Entrepreneuriat E Entreprise
78%
Médical V Vasculaire
77%
Entrepreneuriat M ou Moyenne
76%
Entrepreneuriat P Petite
76%
Agroalimentaire O Organisme
70%
Agroalimentaire M Modifié
65%
Agroalimentaire G Génétiquement
64%
Médical C Cérébral
61%
Médical A Accident
59%
Construction T et Travaux
58%
Histoire S Soviétiques
51%
Construction P Publics
44%
Histoire S Socialistes
41%
Histoire R des Républiques
40%
Santé S Syndrome
40%
Santé I d'Immuno-
33%
Santé D Déficience
28%
Santé A Acquise
17%
Aucun quiz correspondant
Distribution des résultats
% des personnes avec chaque résultat
Percentile par nombre de réponses
Votre historique - résultats
Vous n’avez pas pris ce quiz depuis la dernière actualisation